| 000 | 00940nam a2200265Ia 4500 | ||
|---|---|---|---|
| 003 | OSt | ||
| 005 | 20221005104702.0 | ||
| 006 | a|||||r|||| 00| 0 | ||
| 007 | ta | ||
| 008 | 221004b |||||||| |||| 00| 0 san d | ||
| 020 |
_a9789380651477 (hbk) _c1750 |
||
| 024 | _a2595 | ||
| 037 |
_b369, 11/02/2013, Vidyanidhi Prakashan _cTextual |
||
| 040 |
_aCRL _cCRL _bsan |
||
| 041 |
_2san _asan |
||
| 082 | _aO15,2x, 152Q3 | ||
| 100 | _aतिवारी, शशि | ||
| 245 | 0 | _aसंस्कृत नाट्य संकलन | |
| 246 | _aSanskṛut nāṭya sankalana | ||
| 260 |
_aदिल्ली _bविद्यानिधि प्रकाशन भारत _c2013 |
||
| 300 |
_a210पृ0 _ccm. |
||
| 650 | _aसंस्कृत साहित्य | ||
| 942 |
_hO15,2x, 152Q3 _cTEXL _2cc |
||
| 999 |
_c1013497 _d1013497 |
||